[Event "26th WSCC 2016 Open 50+"]
[Site "Marianske Lazne, Czech Republic - Hotel Cristal and Continental"]
[Date "2016.11.19"]
[Round "1.1"]
[White "Sturua, Zurab"]
[Black "Siebenburger, Vlastimil"]
[Result "1-0"]
[WhiteElo "2556"]
[BlackElo "2048"]
[PlyCount "81"]
[EventDate "2016.11.19"]

1. c4 c6 2. Nf3 d5 3. e3 Nf6 4. b3 g6 5. Bb2 Bg7 6. Be2 O-O 7. O-O Bg4 8. d3
Nbd7 9. Nbd2 Re8 10. Qc2 Rc8 11. Rac1 Qc7 12. cxd5 Nxd5 13. Bxg7 Kxg7 14. Qb2+
Kg8 15. a3 N7f6 16. d4 a5 17. Rfe1 Nd7 18. h3 Bxf3 19. Bxf3 e6 20. g3 N5f6 21.
Bg2 h5 22. Rc2 h4 23. g4 Nd5 24. Nf3 Qd8 25. Qc1 g5 26. Nd2 N7f6 27. Rd1 Kg7
28. Nc4 Qc7 29. Ne5 Nh7 30. Nd3 f6 31. Qd2 Nf8 32. Nc5 Qd8 33. Nxb7 Qe7 34. Nc5
Ra8 35. Qd3 Ng6 36. Rdc1 Qf7 37. Ne4 Qf8 38. Rxc6 Qxa3 39. Nd6 Rf8 40. Bxd5
exd5 41. Rc7+ 1-0

[Event "26th WSCC 2016 Open 50+"]
[Site "Marianske Lazne, Czech Republic - Hotel Cristal and Continental"]
[Date "2016.11.19"]
[Round "1.2"]
[White "Elias, Miroslav"]
[Black "Matamoros Franco, Carlos S"]
[Result "0-1"]
[WhiteElo "2043"]
[BlackElo "2495"]
[PlyCount "62"]
[EventDate "2016.11.19"]

1. e4 c5 2. b3 g6 3. Bb2 Nf6 4. Qf3 Nc6 5. e5 Ng8 6. e6 f6 7. Bb5 a6 8. exd7+
Bxd7 9. Bc4 e5 10. Ne2 Bg7 11. O-O Nge7 12. a4 Na5 13. Bd5 f5 14. Nbc3 Bc6 15.
Bxc6+ Naxc6 16. d3 O-O 17. Qe3 Nd4 18. Qd2 Re8 19. Nxd4 cxd4 20. Ne2 Nd5 21. c4
dxc3 22. Nxc3 Nf4 23. Rfd1 Qb6 24. g3 Ne6 25. Ba3 Nd4 26. Qe3 Qxb3 27. Ne2 Nc2
28. Rdb1 Qd5 29. Qb6 Nxa1 30. Rxa1 Qxd3 31. Kf1 f4 0-1

[Event "26th WSCC 2016 Open 50+"]
[Site "Marianske Lazne, Czech Republic - Hotel Cristal and Continental"]
[Date "2016.11.19"]
[Round "1.3"]
[White "Ivanov, Alexander"]
[Black "Juricek, Stanislav"]
[Result "1-0"]
[WhiteElo "2478"]
[BlackElo "2043"]
[PlyCount "111"]
[EventDate "2016.11.19"]

1. e4 e5 2. Nf3 Nc6 3. Bb5 a6 4. Ba4 Nf6 5. O-O Nxe4 6. d4 b5 7. Bb3 d5 8. dxe5
Be6 9. Qe2 Na5 10. c3 Nxb3 11. axb3 c6 12. Nd4 Qd7 13. f3 Nc5 14. b4 Nb7 15.
Be3 Be7 16. f4 g6 17. Nd2 O-O 18. f5 gxf5 19. Bh6 Rfe8 20. Qh5 Kh8 21. Nxf5 Rg8
22. Nxe7 Qxe7 23. Rf6 Nd6 24. Bg5 Rxg5 25. Qxg5 Rg8 26. Qe3 Nc4 27. Nxc4 dxc4
28. Rxa6 Bd5 29. Rf2 Qe6 30. Ra1 h6 31. h3 Rg5 32. Rf6 Qxe5 33. Qxe5 Rxe5 34.
Rxh6+ Kg7 35. Rh4 Re2 36. Rg4+ Kf8 37. Rb1 Ke7 38. h4 f5 39. Rg5 Be4 40. Rf1
Rxb2 41. h5 Kf6 42. Rg6+ Kf7 43. Rf2 Rb1+ 44. Kh2 Ra1 45. Rg3 Ra8 46. Rf4 Rh8
47. Rh4 Ke7 48. h6 Kd6 49. h7 Bd5 50. Rg5 Be6 51. Rh6 Ke5 52. Rg7 Bd5 53. Re7+
Kf4 54. Rg6 Ra8 55. Kg1 Ra1+ 56. Kf2 1-0

[Event "26th WSCC 2016 Open 50+"]
[Site "Marianske Lazne, Czech Republic - Hotel Cristal and Continental"]
[Date "2016.11.19"]
[Round "1.4"]
[White "Haba, Petr"]
[Black "Dobes, Ludek"]
[Result "1-0"]
[WhiteElo "2472"]
[BlackElo "2038"]
[PlyCount "67"]
[EventDate "2016.11.19"]

1. e4 c5 2. Nf3 d6 3. d4 cxd4 4. Nxd4 Nf6 5. Nc3 a6 6. Be2 e5 7. Nb3 Be7 8. Bg5
Be6 9. Bxf6 Bxf6 10. Qd3 O-O 11. O-O-O Be7 12. g3 Nd7 13. f4 Nb6 14. f5 Bxb3
15. axb3 Qc7 16. h4 Qc5 17. Kb1 a5 18. Qb5 Rfd8 19. g4 Rac8 20. g5 Qxb5 21.
Bxb5 Rc5 22. Rdf1 f6 23. Rhg1 Kf8 24. Bd3 d5 25. gxf6 Bxf6 26. exd5 Nxd5 27.
Ne4 Rc7 28. Rf3 Rdd7 29. Bb5 Rd8 30. Bc4 Ke7 31. Rfg3 Rcd7 32. Nc5 h6 33. Nxd7
Rxd7 34. Rxg7+ 1-0

[Event "26th WSCC 2016 Open 50+"]
[Site "Marianske Lazne, Czech Republic - Hotel Cristal and Continental"]
[Date "2016.11.19"]
[Round "1.5"]
[White "Ptacnik, Stanislav"]
[Black "Mohr, Georg"]
[Result "0-1"]
[WhiteElo "2037"]
[BlackElo "2461"]
[PlyCount "58"]
[EventDate "2016.11.19"]

1. e4 g6 2. d4 Bg7 3. Nc3 d6 4. Be2 a6 5. Nf3 Nd7 6. O-O b5 7. a3 Bb7 8. Re1 c5
9. d5 Ngf6 10. Bf1 O-O 11. h3 Nb6 12. Bg5 Re8 13. Nh2 h6 14. Bh4 Qd7 15. f4 e6
16. Ng4 Nxg4 17. hxg4 exd5 18. exd5 Rxe1 19. Bxe1 Re8 20. Qf3 b4 21. axb4 cxb4
22. Bf2 bxc3 23. Bxb6 cxb2 24. Rb1 Qa4 25. c3 Qc2 26. Qd3 Qxd3 27. Bxd3 Bxc3
28. Bc7 Bxd5 29. Bxd6 Ba2 0-1

[Event "26th WSCC 2016 Open 50+"]
[Site "Marianske Lazne, Czech Republic - Hotel Cristal and Continental"]
[Date "2016.11.19"]
[Round "1.6"]
[White "Arkell, Keith C"]
[Black "Paldus, Petr"]
[Result "1-0"]
[WhiteElo "2450"]
[BlackElo "2031"]
[PlyCount "67"]
[EventDate "2016.11.19"]

1. Nf3 f5 2. d4 Nf6 3. c4 e6 4. g3 Be7 5. Bg2 O-O 6. O-O Ne4 7. Nc3 d5 8. Ne5
c6 9. f3 Nxc3 10. bxc3 Nd7 11. Bf4 Nxe5 12. Bxe5 dxc4 13. a4 Bd6 14. Bxd6 Qxd6
15. f4 b6 16. e4 Bb7 17. Qe2 c5 18. e5 Qe7 19. Bxb7 Qxb7 20. Qxc4 Qd5 21. Qxd5
exd5 22. dxc5 bxc5 23. Rfd1 Rfd8 24. Rab1 Rd7 25. Rb5 Rc8 26. Rdb1 Kf7 27. Rb8
Rxb8 28. Rxb8 g5 29. fxg5 Ke6 30. Re8+ Re7 31. Rxe7+ Kxe7 32. h4 Ke6 33. h5
Kxe5 34. h6 1-0

[Event "26th WSCC 2016 Open 50+"]
[Site "Marianske Lazne, Czech Republic - Hotel Cristal and Continental"]
[Date "2016.11.19"]
[Round "1.7"]
[White "Tiedt, Gunter"]
[Black "Meister, Jakob"]
[Result "0-1"]
[WhiteElo "2020"]
[BlackElo "2444"]
[PlyCount "118"]
[EventDate "2016.11.19"]

1. e4 c5 2. d4 cxd4 3. c3 e5 4. cxd4 exd4 5. Nf3 Nc6 6. Bc4 Nf6 7. O-O Nxe4 8.
Re1 d5 9. Bxd5 Qxd5 10. Nc3 Qh5 11. Nxe4 Be6 12. Neg5 O-O-O 13. Nxe6 fxe6 14.
Rxe6 Qd5 15. Qe1 Bd6 16. Bg5 Rdf8 17. Qe4 Qxe4 18. Rxe4 Re8 19. Rae1 Rxe4 20.
Rxe4 Bc5 21. a3 a6 22. Kf1 h6 23. Bh4 Kc7 24. Ke2 Kd6 25. Kd3 Kd5 26. Bg3 Rf8
27. b4 Bxb4 28. Rg4 Bxa3 29. Rxg7 Nb4+ 30. Kd2 Bb2 31. Rxb7 Bc3+ 32. Kd1 Re8
33. Rh7 Re6 34. Bf4 Nd3 35. Bxh6 Nxf2+ 36. Kc2 Re2+ 37. Bd2 Bxd2 38. Rh5+ Bg5+
39. Kb3 Re3+ 40. Kb2 Re2+ 41. Kb3 Ne4 42. Nxg5 Nc5+ 43. Kb4 Re5 44. h4 a5+ 45.
Kxa5 Kc4 46. Rh8 Ne6+ 47. Ka4 Nxg5 48. Rc8+ Kd3 49. hxg5 Rxg5 50. Kb3 Rb5+ 51.
Ka4 Re5 52. Rd8 Kc3 53. g4 d3 54. Rc8+ Kd2 55. Rh8 Kc2 56. Rc8+ Kd1 57. Kb3 d2
58. Rh8 Ke2 59. Rh2+ Kd3 0-1

[Event "26th WSCC 2016 Open 50+"]
[Site "Marianske Lazne, Czech Republic - Hotel Cristal and Continental"]
[Date "2016.11.19"]
[Round "1.8"]
[White "Bruno, Fabio"]
[Black "Melkeraen, Terje"]
[Result "1-0"]
[WhiteElo "2435"]
[BlackElo "2011"]
[PlyCount "197"]
[EventDate "2016.11.19"]

1. d4 Nf6 2. Nf3 e6 3. Bf4 b6 4. e3 Bb7 5. Nbd2 d5 6. Bd3 Be7 7. h3 Nbd7 8. O-O
O-O 9. Qe2 Ne4 10. Rfd1 f5 11. Ne5 Nxe5 12. Bxe5 Nxd2 13. Rxd2 Bd6 14. f4 Bxe5
15. fxe5 Qe7 16. Rf1 c5 17. c3 Rf7 18. Rf4 Raf8 19. Qf1 Bc6 20. Rdf2 Be8 21. a3
Kh8 22. R4f3 g5 23. g3 Kg7 24. Qd1 h5 25. Rh2 Rh8 26. Rff2 Rff8 27. h4 g4 28.
b3 b5 29. Rb2 c4 30. Bf1 Bc6 31. Qe1 Rf7 32. Rb1 Qxa3 33. b4 Qa6 34. Ra1 Qb7
35. Rha2 Ra8 36. Ra6 Qc8 37. Qf2 Rc7 38. R1a5 Qd7 39. Qa2 Qe7 40. Be2 Qd7 41.
Bd1 Rb7 42. Bc2 Rc7 43. Qa1 Qe7 44. Kh2 Kh7 45. Qf1 Kg7 46. Qf4 Qd8 47. Kg2 Qe7
48. Kf2 Qd8 49. Ke2 Qe7 50. Kd2 Qd8 51. Ra1 Qe7 52. Qf1 Qd8 53. Ke2 Qe7 54. Kd2
Qd8 55. Qf4 Qe7 56. Bd1 Qd8 57. Be2 Qe7 58. Bf1 Qd8 59. Bg2 Qe7 60. R1a5 Rb8
61. Ke2 Rbb7 62. Kf2 Kh7 63. Kg1 Qg7 64. Kh2 Qh6 65. Qf2 Qg7 66. Ra2 Qe7 67.
Qf4 Qg7 68. e4 fxe4 69. Bxe4+ Kg8 70. Bg2 Rf7 71. Qe3 Rbc7 72. Kg1 Qg6 73. Ra1
Kg7 74. Rc1 Kg8 75. Raa1 Kg7 76. Qd2 Rf8 77. Ra6 Rff7 78. Rca1 Kg8 79. R6a2 Kg7
80. Kh2 Kg8 81. Qc2 Qh6 82. Re1 Kg7 83. Raa1 Be8 84. Qc1 Qg6 85. Qd2 Rf8 86.
Qe3 Rff7 87. Rf1 Rxf1 88. Bxf1 Qc2+ 89. Kg1 Bg6 90. Rc1 Qf5 91. Be2 Qe4 92.
Qxe4 Bxe4 93. Ra1 Bf5 94. Ra5 Rb7 95. Kf2 Kg6 96. Ke3 Be4 97. Ra6 Bf5 98. Bf1
Be4 99. Rxe6+ 1-0

[Event "26th WSCC 2016 Open 50+"]
[Site "Marianske Lazne, Czech Republic - Hotel Cristal and Continental"]
[Date "2016.11.19"]
[Round "1.9"]
[White "Spiess, Thomas"]
[Black "Berezjuk, Sergej"]
[Result "1/2-1/2"]
[WhiteElo "1999"]
[BlackElo "2431"]
[PlyCount "141"]
[EventDate "2016.11.19"]

1. Nf3 Nf6 2. c4 c5 3. Nc3 d5 4. cxd5 Nxd5 5. d4 cxd4 6. Qxd4 Nxc3 7. Qxc3 Nc6
8. e4 e6 9. Bb5 Qb6 10. Bxc6+ Qxc6 11. Qxc6+ bxc6 12. Bd2 Ba6 13. Ne5 Bd6 14.
Bc3 Rc8 15. O-O-O Bxe5 16. Bxe5 f6 17. Bc3 Ke7 18. Ba5 c5 19. Rd2 Bb5 20. Rhd1
Rhe8 21. Rd6 Bc6 22. f3 f5 23. e5 Kf8 24. R1d3 Bd5 25. a3 Re7 26. Rc3 Ke8 27.
b4 c4 28. b5 Rd7 29. Bb4 g5 30. Kb2 h5 31. a4 g4 32. fxg4 fxg4 33. Rxd7 Kxd7
34. Rc2 Be4 35. Rd2+ Bd3 36. Kc3 Kc7 37. Rf2 Kb6 38. Rf7 a6 39. bxa6 Kxa6 40.
Rd7 Rc6 41. g3 Bf5 42. Rd6 Kb7 43. Rxc6 Kxc6 44. Kxc4 Kb6 45. a5+ Ka6 46. Kc5
Bd3 47. Bd2 Bf5 48. Be1 Bb1 49. Kd6 Bf5 50. Ke7 Kb5 51. Kf6 Ka6 52. Kg5 Kb5 53.
Kxh5 Ka6 54. Kg5 Kb5 55. Bd2 Ka6 56. Bf4 Kxa5 57. h4 gxh3 58. g4 Bc2 59. Kf6
Kb5 60. Kxe6 Kc6 61. Kf6 Kd7 62. e6+ Ke8 63. Bd6 Bd3 64. g5 Bc2 65. g6 Bd3 66.
g7 Bh7 67. Bh2 Bg8 68. Bg3 Bh7 69. Bd6 Bg8 70. Bc7 Bh7 71. Bh2 1/2-1/2

[Event "26th WSCC 2016 Open 50+"]
[Site "Marianske Lazne, Czech Republic - Hotel Cristal and Continental"]
[Date "2016.11.19"]
[Round "1.10"]
[White "Kalegin, Evgenij"]
[Black "Cafolla, Peter"]
[Result "1-0"]
[WhiteElo "2420"]
[BlackElo "1996"]
[PlyCount "67"]
[EventDate "2016.11.19"]

1. e4 c5 2. Nf3 Nc6 3. Bb5 e6 4. O-O Nge7 5. Nc3 a6 6. Bxc6 Nxc6 7. d4 cxd4 8.
Nxd4 Qc7 9. Re1 Bd6 10. Nxc6 dxc6 11. Qh5 g6 12. Qh6 Bf8 13. Qh4 Be7 14. Bg5 e5
15. f4 Bxg5 16. Qxg5 Qe7 17. Qg3 f6 18. Rad1 b5 19. a4 O-O 20. f5 g5 21. h4 h6
22. Rd3 Bb7 23. hxg5 hxg5 24. Qh2 Rf7 25. Rh3 Qc5+ 26. Kh1 Kf8 27. Rd1 Re8 28.
Rh8+ Ke7 29. Rh7 Ref8 30. Rxf7+ Rxf7 31. Qh8 Rf8 32. Qg7+ Rf7 33. Qg8 Rf8 34.
Qe6# 1-0

[Event "26th WSCC 2016 Open 50+"]
[Site "Marianske Lazne, Czech Republic - Hotel Cristal and Continental"]
[Date "2016.11.19"]
[Round "1.11"]
[White "Miculka, Petr"]
[Black "Akesson, Ralf"]
[Result "0-1"]
[WhiteElo "1995"]
[BlackElo "2416"]
[PlyCount "56"]
[EventDate "2016.11.19"]

1. e4 c5 2. Nf3 Nc6 3. c3 d5 4. exd5 Qxd5 5. d4 Nf6 6. Na3 cxd4 7. Nb5 Qd7 8.
cxd4 e6 9. Bc4 Bb4+ 10. Bd2 Bxd2+ 11. Qxd2 O-O 12. O-O b6 13. Rac1 Bb7 14. Nc3
Rfd8 15. Rfd1 Qe7 16. Qf4 Nb4 17. Ne5 Rac8 18. a3 Nbd5 19. Qh4 Nxc3 20. Rxc3
Nd5 21. Qxe7 Nxe7 22. Be2 Rxc3 23. bxc3 Nd5 24. Rc1 Nf4 25. Bf1 Bxg2 26. Rb1
Bxf1 27. Kxf1 Rc8 28. Rb3 f6 0-1

[Event "26th WSCC 2016 Open 50+"]
[Site "Marianske Lazne, Czech Republic - Hotel Cristal and Continental"]
[Date "2016.11.19"]
[Round "1.12"]
[White "Syrchikov, Alexander"]
[Black "Borovicka, Bohumil"]
[Result "1/2-1/2"]
[WhiteElo "2416"]
[BlackElo "1991"]
[PlyCount "74"]
[EventDate "2016.11.19"]

1. d4 d5 2. Nf3 c5 3. e3 e6 4. b3 Nf6 5. Bb2 Be7 6. Bd3 Nc6 7. O-O b6 8. Nbd2
Bb7 9. Ne5 Nxe5 10. dxe5 Nd7 11. f4 g6 12. Qe2 Qc7 13. a4 f5 14. exf6 Bxf6 15.
Bxf6 Nxf6 16. e4 dxe4 17. Nxe4 Nxe4 18. Bxe4 Bxe4 19. Qxe4 Kf7 20. Rae1 Rhe8
21. Qc4 Kf6 22. Qc3+ Kf7 23. Qh3 h5 24. g4 Rg8 25. g5 Rge8 26. Qc3 Kg8 27. Re5
Qf7 28. Qc4 Rad8 29. c3 Rd5 30. Rfe1 Rxe5 31. Rxe5 Qd7 32. Qe2 Kf7 33. Kf2 Rd8
34. Qc4 Qd2+ 35. Re2 Qd5 36. Qxd5 exd5 37. Rd2 Ke6 1/2-1/2

[Event "26th WSCC 2016 Open 50+"]
[Site "Marianske Lazne, Czech Republic - Hotel Cristal and Continental"]
[Date "2016.11.19"]
[Round "1.13"]
[White "Polanyi, Peter"]
[Black "Vlassov, Nikolai"]
[Result "0-1"]
[WhiteElo "1990"]
[BlackElo "2415"]
[PlyCount "54"]
[EventDate "2016.11.19"]

1. e4 Nc6 2. Nf3 d5 3. exd5 Qxd5 4. Nc3 Qa5 5. d4 Bg4 6. Be2 O-O-O 7. Be3 Nf6
8. h3 Bxf3 9. Bxf3 e5 10. d5 e4 11. Bg4+ Kb8 12. O-O Nxd5 13. Nxd5 Rxd5 14. Qc1
Bc5 15. c4 Rdd8 16. a3 Bd4 17. Rb1 f5 18. b4 Qe5 19. b5 Ne7 20. Bf4 Qe6 21. Be2
h6 22. c5 g5 23. Be3 f4 24. Bxd4 Rxd4 25. c6 f3 26. gxf3 Qxh3 27. Qe3 Nf5 0-1

[Event "26th WSCC 2016 Open 50+"]
[Site "Marianske Lazne, Czech Republic - Hotel Cristal and Continental"]
[Date "2016.11.19"]
[Round "1.14"]
[White "Bagaturov, Giorgi"]
[Black "Fox, Anthony"]
[Result "1-0"]
[WhiteElo "2410"]
[BlackElo "1986"]
[PlyCount "63"]
[EventDate "2016.11.19"]

1. d4 d5 2. Nf3 Nf6 3. c4 e6 4. Nc3 Be7 5. Bf4 O-O 6. e3 Nbd7 7. cxd5 Nxd5 8.
Nxd5 exd5 9. Bd3 c5 10. O-O Nf6 11. dxc5 Bxc5 12. Rc1 Bd6 13. Qa4 Bd7 14. Qd4
Bxf4 15. Qxf4 Rc8 16. Rxc8 Qxc8 17. Nd4 a6 18. Bf5 Re8 19. h3 g6 20. Bxg6 hxg6
21. Qxf6 Qc7 22. Qg5 Qd6 23. Rc1 Kg7 24. Ne2 Re5 25. Qd8 Re8 26. Qa5 Bc6 27.
Nd4 Qe5 28. Qc3 Bd7 29. Qc7 Bc6 30. Qxe5+ Rxe5 31. Nxc6 bxc6 32. Rxc6 1-0

[Event "26th WSCC 2016 Open 50+"]
[Site "Marianske Lazne, Czech Republic - Hotel Cristal and Continental"]
[Date "2016.11.19"]
[Round "1.15"]
[White "Krutina, Miroslav"]
[Black "Tunik, Gennady"]
[Result "0-1"]
[WhiteElo "1983"]
[BlackElo "2404"]
[PlyCount "120"]
[EventDate "2016.11.19"]

1. Nf3 Nf6 2. g3 d5 3. c4 c6 4. Bg2 dxc4 5. Qc2 b5 6. b3 cxb3 7. axb3 Bb7 8.
Bb2 e6 9. d4 Bb4+ 10. Nbd2 Nbd7 11. O-O O-O 12. Rfd1 Qb6 13. Ne1 Rac8 14. Nd3
c5 15. Nxb4 cxb4 16. Qd3 Bxg2 17. Kxg2 Qc6+ 18. Nf3 Qc2 19. Bc1 Qxd3 20. Rxd3
a5 21. Bf4 Ra8 22. Rd2 Ra7 23. Rc2 Ne4 24. Ne1 Rfa8 25. Nd3 Nc3 26. Rb2 f6 27.
f3 Kf7 28. e4 f5 29. exf5 exf5 30. Bd2 Kg8 31. Kf2 Nf6 32. Ne5 Ra6 33. Nd3 Nfd5
34. Bf4 Nxf4 35. Nxf4 Rd6 36. Ke3 Re8+ 37. Kd3 Red8 38. Ne2 Nxe2 39. Kxe2 Rxd4
40. Rxa5 R4d5 41. Ra7 f4 42. gxf4 Rf5 43. Rd2 Rxd2+ 44. Kxd2 Rxf4 45. Ke3 Rh4
46. Ra2 h6 47. Rc2 Kh7 48. Rg2 g5 49. Rg4 Rxh2 50. Rxb4 Rg2 51. Rxb5 h5 52. Ke4
h4 53. Rb7+ Kg6 54. Rb6+ Kh5 55. Rb8 Rc2 56. Kf5 Rc5+ 57. Kf6 Rc6+ 58. Kf5 h3
59. Rd8 h2 60. Rd1 Kh4 0-1

[Event "26th WSCC 2016 Open 50+"]
[Site "Marianske Lazne, Czech Republic - Hotel Cristal and Continental"]
[Date "2016.11.19"]
[Round "1.16"]
[White "Rakhimov, Zinnour K"]
[Black "Petras, Milan"]
[Result "1/2-1/2"]
[WhiteElo "2398"]
[BlackElo "1969"]
[PlyCount "71"]
[EventDate "2016.11.19"]

1. e4 e6 2. d4 d5 3. e5 c5 4. c3 Qb6 5. Nf3 Bd7 6. Bd3 cxd4 7. cxd4 Nc6 8. O-O
Nxd4 9. Nxd4 Qxd4 10. Nc3 a6 11. Qf3 Ne7 12. Rd1 Qxe5 13. Bf4 Qf6 14. Qg3 Nc6
15. Bg5 Qe5 16. f4 Bc5+ 17. Kh1 Qe3 18. Qh4 Qf2 19. Qh5 Be7 20. f5 O-O-O 21.
Rd2 g6 22. fxg6 fxg6 23. Qg4 Qf7 24. Bh6 e5 25. Qe2 Qe6 26. Bxa6 Nd4 27. Qe1
bxa6 28. Bg7 Bg5 29. Rf2 Rhe8 30. Qf1 Re7 31. Bxe5 Qxe5 32. Qxa6+ Kb8 33. Qb6+
Kc8 34. Qa6+ Kb8 35. Qb6+ Kc8 36. Qa6+ 1/2-1/2

[Event "26th WSCC 2016 Open 50+"]
[Site "Marianske Lazne, Czech Republic - Hotel Cristal and Continental"]
[Date "2016.11.19"]
[Round "1.17"]
[White "Horak, Vladimir"]
[Black "Konopka, Michal"]
[Result "0-1"]
[WhiteElo "1961"]
[BlackElo "2396"]
[PlyCount "74"]
[EventDate "2016.11.19"]

1. Nf3 Nf6 2. d4 g6 3. e3 Bg7 4. Bd3 O-O 5. O-O b6 6. Nbd2 Bb7 7. Re1 c5 8. c3
d6 9. Qe2 Nc6 10. Ba6 Bxa6 11. Qxa6 cxd4 12. Nxd4 Qd7 13. N2f3 d5 14. Bd2 Ne4
15. Rad1 Na5 16. Bc1 Rfd8 17. Qd3 e5 18. Ne2 Nxf2 19. Kxf2 e4 20. Qc2 exf3 21.
Kxf3 Nc6 22. Nf4 Ne7 23. e4 d4 24. cxd4 Rac8 25. Qd3 Nc6 26. Kf2 Bxd4+ 27. Be3
Qg4 28. Nd5 Nb4 29. Qxd4 Rxd5 30. exd5 Rc2+ 31. Rd2 Qxd4 32. Bxd4 Rxd2+ 33. Ke3
Rd3+ 34. Ke4 Rxd4+ 35. Kxd4 Nc2+ 36. Ke5 Nxe1 37. Kd6 Nxg2 0-1

[Event "26th WSCC 2016 Open 50+"]
[Site "Marianske Lazne, Czech Republic - Hotel Cristal and Continental"]
[Date "2016.11.19"]
[Round "1.18"]
[White "Vokac, Marek"]
[Black "Kucera, Jiri"]
[Result "1-0"]
[WhiteElo "2391"]
[BlackElo "1958"]
[PlyCount "85"]
[EventDate "2016.11.19"]

1. d4 Nf6 2. c4 e6 3. Nf3 Bb4+ 4. Bd2 a5 5. g3 O-O 6. Bg2 d5 7. O-O Nc6 8. Bg5
Be7 9. Nc3 Ne4 10. Bxe7 Nxc3 11. Bxd8 Nxd1 12. Bxc7 Nxb2 13. c5 a4 14. Rfc1 a3
15. Rc3 Ra4 16. e3 Bd7 17. Bf1 Na5 18. Bxa5 Rxa5 19. Ne1 Rfa8 20. Nc2 Bc6 21.
Rb1 Kf8 22. Rxa3 Rxa3 23. Nxa3 Rxa3 24. Rxb2 Rc3 25. Bb5 e5 26. a4 exd4 27.
exd4 Ke7 28. Bxc6 bxc6 29. Ra2 Kd7 30. a5 Kc7 31. a6 Kb8 32. Rb2+ Ka7 33. Rb6
Rc4 34. Rxc6 Rxd4 35. Rd6 Rd1+ 36. Kg2 d4 37. Kf3 Rc1 38. Rxd4 Kxa6 39. Rd7
Rxc5 40. Rxf7 Rg5 41. h4 Rg6 42. g4 Kb6 43. h5 1-0

[Event "26th WSCC 2016 Open 50+"]
[Site "Marianske Lazne, Czech Republic - Hotel Cristal and Continental"]
[Date "2016.11.19"]
[Round "1.19"]
[White "Malinovsky, Petr"]
[Black "Pastircak, Milan"]
[Result "0-1"]
[WhiteElo "1957"]
[BlackElo "2362"]
[PlyCount "70"]
[EventDate "2016.11.19"]

1. d4 Nf6 2. c4 g6 3. f3 c5 4. d5 b5 5. e4 d6 6. cxb5 a6 7. Nc3 Bg7 8. bxa6 O-O
9. Be3 Nbd7 10. Qd2 Ne5 11. Bh6 Bxh6 12. Qxh6 Bxa6 13. Nh3 Bxf1 14. Kxf1 Qb6
15. Rb1 Rfb8 16. Nf2 Qb4 17. Qc1 Qd4 18. Qd1 Nc4 19. Ne2 Qxd1+ 20. Rxd1 Ne3+
21. Ke1 Rxb2 22. Rd3 Nc2+ 23. Kf1 Nb4 24. Rd1 Raxa2 25. Re1 Nc2 26. Nc3 Ra3 27.
Nfd1 Nxe1 28. Nxb2 Rxc3 29. Kxe1 Rc2 30. Nd1 Nd7 31. h4 Ne5 32. Rh3 Nd3+ 33.
Kf1 Rc1 34. f4 Rxd1+ 35. Ke2 Nxf4+ 0-1

[Event "26th WSCC 2016 Open 50+"]
[Site "Marianske Lazne, Czech Republic - Hotel Cristal and Continental"]
[Date "2016.11.19"]
[Round "1.20"]
[White "Ginsburg, Mark"]
[Black "Shaw, Meyrick"]
[Result "1-0"]
[WhiteElo "2340"]
[BlackElo "1947"]
[PlyCount "85"]
[EventDate "2016.11.19"]

1. c4 Nf6 2. Nc3 e5 3. Nf3 Nc6 4. g3 d6 5. Bg2 g6 6. d4 exd4 7. Nxd4 Nxd4 8.
Qxd4 Bg7 9. Qe3+ Qe7 10. Nb5 Qxe3 11. Bxe3 Kd8 12. Rd1 a6 13. Nc3 Ng4 14. Bg5+
f6 15. Bd2 Ne5 16. b3 Re8 17. O-O c6 18. Ne4 Ke7 19. Bb4 c5 20. Ba5 Nf7 21. Bc7
f5 22. Nxd6 Nxd6 23. Bxd6+ Kf7 24. Bd5+ Kf6 25. Bxc5 g5 26. Bd4+ Kg6 27. Bxg7
Kxg7 28. e3 Rb8 29. Rd4 Re5 30. Rfd1 b6 31. Bg2 Be6 32. Rd6 Kf7 33. Bd5 Bxd5
34. R1xd5 Rxd5 35. cxd5 a5 36. Kg2 b5 37. Ra6 a4 38. bxa4 bxa4 39. Rxa4 Rb5 40.
Rd4 Ke7 41. a4 Ra5 42. d6+ Kd7 43. f3 1-0

[Event "26th WSCC 2016 Open 50+"]
[Site "Marianske Lazne, Czech Republic - Hotel Cristal and Continental"]
[Date "2016.11.19"]
[Round "1.21"]
[White "Sielicki, Tomasz"]
[Black "Buchal, Stephan"]
[Result "0-1"]
[WhiteElo "1947"]
[BlackElo "2339"]
[PlyCount "86"]
[EventDate "2016.11.19"]

1. d4 g6 2. e4 Bg7 3. Nc3 d6 4. f4 Nf6 5. Nf3 c5 6. e5 Nfd7 7. e6 fxe6 8. Ng5
Nf6 9. dxc5 O-O 10. Bd3 Nc6 11. O-O Nb4 12. Bc4 d5 13. Be2 b6 14. a3 Nc6 15.
Bb5 Qc7 16. cxb6 Qxb6+ 17. Kh1 d4 18. Bxc6 Qxc6 19. Qxd4 Bb7 20. Qf2 e5 21. Qf3
e4 22. Qh3 Bc8 23. Qe3 Bf5 24. Bd2 h6 25. Nh3 Rad8 26. Nf2 Rd7 27. h3 Rfd8 28.
Rad1 h5 29. Bc1 h4 30. Rxd7 Rxd7 31. Rd1 Nh5 32. Rxd7 Ng3+ 33. Kg1 Qxd7 34. Qd2
Bxc3 35. bxc3 Qb5 36. Qe1 Qe2 37. Bd2 e3 38. Qxe2 Nxe2+ 39. Kf1 Ng3+ 40. Ke1
exf2+ 41. Kxf2 Ne4+ 42. Ke3 Nxd2 43. Kxd2 Be4 0-1

[Event "26th WSCC 2016 Open 50+"]
[Site "Marianske Lazne, Czech Republic - Hotel Cristal and Continental"]
[Date "2016.11.19"]
[Round "1.22"]
[White "Grigoryan, Karen"]
[Black "Valet, Richard"]
[Result "1/2-1/2"]
[WhiteElo "2332"]
[BlackElo "1943"]
[PlyCount "100"]
[EventDate "2016.11.19"]

1. d4 Nf6 2. c4 g6 3. Nc3 Bg7 4. e4 d6 5. Be2 O-O 6. Nf3 e5 7. d5 a5 8. Bg5 Na6
9. Nd2 h6 10. Be3 Nc5 11. O-O Nh7 12. b3 f5 13. f3 b6 14. a3 f4 15. Bf2 g5 16.
b4 axb4 17. axb4 Rxa1 18. Qxa1 Nd7 19. Na4 h5 20. c5 bxc5 21. bxc5 Rf7 22. cxd6
cxd6 23. Nc4 Bf8 24. Qc3 g4 25. Rc1 Qg5 26. Nxd6 Bxd6 27. Qxc8+ Nhf8 28. Kh1
Rg7 29. Bg1 Kh7 30. Nb6 Nf6 31. Qf5+ Qxf5 32. exf5 gxf3 33. gxf3 N8d7 34. Nxd7
Rxd7 35. Rd1 Rc7 36. Kg2 Rc2 37. Kf1 Kh6 38. Bf2 e4 39. Bh4 exf3 40. Bxf3 Ng4
41. Bxg4 hxg4 42. Re1 Kh5 43. Be7 Bxe7 44. Rxe7 Kg5 45. d6 Rd2 46. d7 Kxf5 47.
Ke1 Rd4 48. Kf2 Rd2+ 49. Ke1 Rd4 50. Kf2 Rd2+ 1/2-1/2

[Event "26th WSCC 2016 Open 50+"]
[Site "Marianske Lazne, Czech Republic - Hotel Cristal and Continental"]
[Date "2016.11.19"]
[Round "1.24"]
[White "Schroll, Gerhard"]
[Black "Galvan Sarmiento, Jose Luis"]
[Result "0-1"]
[WhiteElo "2314"]
[BlackElo "1933"]
[PlyCount "86"]
[EventDate "2016.11.19"]

1. b3 e5 2. Bb2 Nc6 3. c4 Nf6 4. e3 g6 5. a3 a5 6. Nf3 d6 7. Nc3 Bg7 8. Be2 O-O
9. Qc2 Bd7 10. O-O Ne8 11. Nd5 f5 12. d4 e4 13. Nd2 Ne7 14. Nxe7+ Qxe7 15. d5
Nf6 16. Bd4 b6 17. b4 a4 18. Rab1 Rab8 19. b5 g5 20. Rb4 Ra8 21. Re1 Be8 22.
Rxa4 Bg6 23. Rxa8 Rxa8 24. Qc1 Bh6 25. Bf1 Ng4 26. f3 Ne5 27. fxe4 fxe4 28. Be2
Bg7 29. Ba1 h5 30. Nb3 g4 31. Nd4 Bh6 32. Ne6 Bf5 33. Nd4 Bg6 34. Nc6 Nxc6 35.
bxc6 Qg5 36. Bd1 h4 37. Qc3 Kh7 38. Bc2 Rf8 39. Qd2 g3 40. h3 Qf5 41. Qd1 Bh5
42. Qb1 Bxe3+ 43. Kh1 Bf3 0-1

[Event "26th WSCC 2016 Open 50+"]
[Site "Marianske Lazne, Czech Republic - Hotel Cristal and Continental"]
[Date "2016.11.19"]
[Round "1.25"]
[White "Giulian, Rosemary A"]
[Black "Barle, Janez"]
[Result "1/2-1/2"]
[WhiteElo "1932"]
[BlackElo "2303"]
[PlyCount "64"]
[EventDate "2016.11.19"]

1. e4 c5 2. c3 d5 3. exd5 Qxd5 4. d4 e6 5. Nf3 cxd4 6. cxd4 Nf6 7. Bd3 Nc6 8.
O-O Be7 9. Nc3 Qd6 10. Be3 O-O 11. Rc1 Rd8 12. Bb1 Bd7 13. Qe2 Rac8 14. Rfd1
Nd5 15. Qd3 f5 16. Nxd5 Qxd5 17. a3 Na5 18. Bg5 Bxg5 19. Nxg5 h6 20. Nf3 Bb5
21. Qe3 Nc4 22. Qb3 Qd7 23. Re1 Ba4 24. Qa2 Na5 25. Rxc8 Rxc8 26. Bxf5 Bb3 27.
Qxb3 Nxb3 28. Bxe6+ Qxe6 29. Rxe6 Nxd4 30. Re1 Nxf3+ 31. gxf3 Rc2 32. b4 Kf7
1/2-1/2